[Event "Landesliga Nord 1920"]
[Site "Bayern"]
[Date "2019.10.20"]
[Round "1.7"]
[White "Metodiev, Martin"]
[Black "Dittmann, Rainer"]
[Result "0-1"]
[WhiteElo "1991"]
[BlackElo "1891"]
[PlyCount "68"]
[EventDate "2019.09.29"]
[EventType "team-tourn"]
[EventRounds "9"]
[EventCountry "GER"]
[SourceTitle "EXT 2021"]
[Source "ChessBase"]
[SourceDate "2020.10.23"]
[SourceVersion "1"]
[SourceVersionDate "2020.10.23"]
[SourceQuality "1"]
[WhiteTeam "Erlangen SC II"]
[BlackTeam "Schweinfurt"]
[WhiteTeamCountry "GER"]
[BlackTeamCountry "GER"]

1. e4 Nf6 2. e5 Nd5 3. d4 d6 4. c4 Nb6 5. f4 dxe5 6. fxe5 Nc6 7. Be3 g6 8. Be2 Bg7 9. Nf3 Bg4 10. Nc3 Qd7 11. Qd2 0-0-0 12. 0-0-0 f6 13. e6 Qxe6 14. c5 Nc4 15. Bxc4 Qxc4 16. Qf2 Nb4 17. a3 Nd3+ 18. Rxd3 Qxd3 19. Rd1 Qa6 20. Kb1 e5 21. d5 e4 22. Nxe4 Bf5 23. Qc2 Bxe4 24. Qxe4 Rhe8 25. Qd4 Rd7 26. Qd2 Red8 27. d6 Bf8 28. Rc1 cxd6 29. cxd6+ Kb8 30. Nd4 Bxd6 31. Nb3 Be5 32. Qe1 Qb5 33. Qa5 Qd3+ 34. Rc2 Qxe3 0-1

[Event "Regionalliga Nord-Ost 1819"]
[Site "Bayern"]
[Date "2019.03.24"]
[Round "8.5"]
[White "Redzepovic, Irfan"]
[Black "Metodiev, Martin"]
[Result "0-1"]
[WhiteElo "2026"]
[BlackElo "2017"]
[PlyCount "68"]
[EventDate "2018.10.21"]
[EventType "team-tourn"]
[EventRounds "9"]
[EventCountry "GER"]
[SourceTitle "EXT 2022"]
[Source "ChessBase"]
[SourceDate "2021.10.06"]
[SourceVersion "1"]
[SourceVersionDate "2021.10.06"]
[SourceQuality "1"]
[WhiteTeam "Nuernberg Sued SW II"]
[BlackTeam "Erlangen SC II"]
[WhiteTeamCountry "GER"]
[BlackTeamCountry "GER"]

1. Nf3 Nf6 2. b3 g6 3. Bb2 Bg7 4. e4 d6 5. c4 e5 6. Nc3 Nc6 7. h3 0-0 8. d3 Nd7 9. g4 Nc5 10. Nd5 a5 11. Qd2 Nb8 12. Qg5 f6 13. Qd2 c6 14. Ne3 Bh6 15. Rg1 Bf4 16. Qc2 Nba6 17. d4 exd4 18. Nxd4 Re8 19. 0-0-0 Rxe4 20. Qc3 Qe7 21. Qxa5 Rxe3 22. fxe3 Bxe3+ 23. Kb1 Bxg1 24. Re1 Be6 25. Qd2 Re8 26. Nf3 Nd7 27. g5 Bc5 28. a3 Ne5 29. Nxe5 fxe5 30. Qg2 Rf8 31. Bd3 Rf2 32. Qg3 Qf7 33. Rxe5 dxe5 34. Qxe5 Rxb2+ 0-1

[Event "Bayern-chI Bank Hofmann 22nd"]
[Site "Tegernsee"]
[Date "2018.11.03"]
[Round "8"]
[White "Metodiev, Martin"]
[Black "Oberhofer, Cedric"]
[Result "0-1"]
[WhiteElo "1974"]
[BlackElo "2213"]
[PlyCount "37"]
[EventDate "2018.10.27"]
[EventType "swiss"]
[EventRounds "9"]
[EventCountry "GER"]
[SourceTitle "CBM 187 Extra"]
[Source "ChessBase"]
[SourceDate "2018.11.04"]
[SourceVersion "1"]
[SourceVersionDate "2018.11.04"]
[SourceQuality "1"]

1. d4 Nf6 2. c4 g6 3. Nc3 d5 4. cxd5 Nxd5 5. e4 Nxc3 6. bxc3 c5 7. Nf3 Bg7 8. Rb1 0-0 9. Be2 Nc6 10. d5 Ne5 11. Nd2 f5 12. Rb5 a6 13. Rb3 fxe4 14. Nxe4 c4 15. Rb4 Bf5 16. Nc5 b6 17. Na4 Nd3+ 18. Bxd3 Bxd3 19. Bd2 0-1

[Event "Regionalliga Nord-Ost 1819"]
[Site "Bayern"]
[Date "2018.10.21"]
[Round "1.6"]
[White "Metodiev, Martin"]
[Black "Muskat, Gunter"]
[Result "0-1"]
[WhiteElo "2017"]
[BlackElo "1913"]
[PlyCount "110"]
[EventDate "2018.10.21"]
[EventType "team-tourn"]
[EventRounds "9"]
[EventCountry "GER"]
[SourceTitle "EXT 2022"]
[Source "ChessBase"]
[SourceDate "2021.10.06"]
[SourceVersion "1"]
[SourceVersionDate "2021.10.06"]
[SourceQuality "1"]
[WhiteTeam "Erlangen SC II"]
[BlackTeam "Buechenbach/Roth"]
[WhiteTeamCountry "GER"]
[BlackTeamCountry "GER"]

1. e4 e5 2. Nf3 Nc6 3. Bc4 Bc5 4. 0-0 Nf6 5. d3 0-0 6. a4 a6 7. h3 d6 8. c3 Ba7 9. Bg5 h6 10. Bh4 Be6 11. Nbd2 Re8 12. Re1 Rb8 13. a5 g5 14. Bg3 Nh5 15. Nf1 Bxc4 16. dxc4 Nf4 17. N3h2 Qf6 18. Ng4 Qg6 19. Qc2 h5 20. Nge3 Kh8 21. Nf5 h4 22. Bh2 g4 23. Bxf4 exf4 24. hxg4 Qxg4 25. Nh2 Qh5 26. Qd2 Ne5 27. Rad1 f3 28. gxf3 Rg8+ 29. Kf1 h3 30. Qf4 Rg2 31. Rd2 Rxh2 32. Qxh2 Nxf3 33. Qf4 Nxd2+ 34. Qxd2 Rg8 35. Qe2 Qg5 36. Qf3 Qg2+ 37. Ke2 Rg4 38. Qxg2 hxg2 39. Rg1 Rxe4+ 40. Ne3 Bxe3 41. fxe3 Rxc4 42. Rxg2 Rc5 43. Kd3 Rxa5 44. Ke4 Re5+ 45. Kf4 f6 46. Rg6 Kh7 47. Rg2 Rg5 48. Rxg5 fxg5+ 49. Kxg5 Kg7 50. Kf5 Kf7 51. e4 c6 52. e5 Ke7 53. e6 a5 54. b3 b6 55. c4 b5 0-1

[Event "Bayernliga U20 1718"]
[Site "Bayern"]
[Date "2018.03.10"]
[Round "7.3"]
[White "Lohvinov, Petro"]
[Black "Metodiev, Martin"]
[Result "1-0"]
[WhiteElo "1923"]
[BlackElo "1930"]
[PlyCount "63"]
[EventDate "2017.11.18"]
[EventType "team-tourn"]
[EventRounds "7"]
[EventCountry "GER"]
[SourceTitle "EXT 2022"]
[Source "ChessBase"]
[SourceDate "2021.10.06"]
[SourceVersion "1"]
[SourceVersionDate "2021.10.06"]
[SourceQuality "1"]
[WhiteTeam "Muenchen Suedost U20"]
[BlackTeam "Erlangen SC U20"]
[WhiteTeamCountry "GER"]
[BlackTeamCountry "GER"]

1. e4 d6 2. d4 Nf6 3. Nc3 g6 4. f4 Bg7 5. Nf3 c5 6. dxc5 Qa5 7. Qd4 dxc5 8. Qc4 0-0 9. Bd2 Be6 10. Qb5 Qc7 11. 0-0-0 a6 12. Qe2 Nc6 13. Be3 b5 14. e5 Nd7 15. Qf2 Rac8 16. Ng5 Nd4 17. Bxd4 cxd4 18. Rxd4 Nc5 19. g3 Bxa2 20. Bh3 Be6 21. Nxe6 Nxe6 22. Bxe6 fxe6 23. Qd2 Qa5 24. Kb1 Rfd8 25. Rd1 Rxd4 26. Qxd4 Kf7 27. Ne4 h6 28. Qd7 Rc7 29. Nd6+ Kg8 30. Qxe6+ Kh7 31. Ne8 Rc4 32. Qf7 1-0

[Event "Bayernliga U20 1718"]
[Site "Bayern"]
[Date "2018.01.27"]
[Round "4.3"]
[White "Hammerl, Jonas"]
[Black "Metodiev, Martin"]
[Result "0-1"]
[WhiteElo "1703"]
[BlackElo "1930"]
[PlyCount "62"]
[EventDate "2017.11.18"]
[EventType "team-tourn"]
[EventRounds "7"]
[EventCountry "GER"]
[SourceTitle "EXT 2022"]
[Source "ChessBase"]
[SourceDate "2021.10.06"]
[SourceVersion "1"]
[SourceVersionDate "2021.10.06"]
[SourceQuality "1"]
[WhiteTeam "Ergolding FC U20"]
[BlackTeam "Erlangen SC U20"]
[WhiteTeamCountry "GER"]
[BlackTeamCountry "GER"]

1. d4 d5 2. c4 e6 3. Nc3 Be7 4. Nf3 Nf6 5. Bg5 0-0 6. e3 Nbd7 7. Bd3 dxc4 8. Bxc4 b6 9. 0-0 Bb7 10. Rc1 h6 11. Bh4 Ne4 12. Bxe7 Qxe7 13. Qe2 Ng5 14. Nxg5 Qxg5 15. f4 Qa5 16. a3 Nf6 17. Bd3 Rfd8 18. Qf2 c5 19. Bb1 cxd4 20. exd4 Qh5 21. f5 Ng4 22. Qg3 Rxd4 23. fxe6 fxe6 24. Ne2 Nxh2 25. Rc7 Rg4 26. Rxb7 Rxg3 27. Nxg3 Qh4 28. Ne2 Nxf1 29. Kxf1 Rf8+ 30. Kg1 Qe1+ 31. Kh2 Qxe2 0-1

[Event "Bayernliga U20 1718"]
[Site "Bayern"]
[Date "2017.12.02"]
[Round "3.4"]
[White "Schwab, Leon"]
[Black "Metodiev, Martin"]
[Result "1-0"]
[WhiteElo "1459"]
[BlackElo "1930"]
[PlyCount "207"]
[EventDate "2017.11.18"]
[EventType "team-tourn"]
[EventRounds "7"]
[EventCountry "GER"]
[SourceTitle "EXT 2022"]
[Source "ChessBase"]
[SourceDate "2021.10.06"]
[SourceVersion "1"]
[SourceVersionDate "2021.10.06"]
[SourceQuality "1"]
[WhiteTeam "Kelheim SK U20"]
[BlackTeam "Erlangen SC U20"]
[WhiteTeamCountry "GER"]
[BlackTeamCountry "GER"]

1. d4 d5 2. c4 e6 3. Nc3 Be7 4. Nf3 Nf6 5. Bf4 0-0 6. e3 h6 7. Bd3 dxc4 8. Bxc4 c6 9. 0-0 b5 10. Bd3 Bb7 11. a3 a5 12. Ne4 Nxe4 13. Bxe4 g5 14. Bg3 f5 15. Bc2 f4 16. Qd3 Rf5 17. exf4 g4 18. Ne5 Nd7 19. Qe2 h5 20. Bxf5 exf5 21. f3 Nf6 22. Bf2 Nd5 23. Ng6 Bf6 24. Qe6+ Kg7 25. Qxf5 Qe8 26. Ne5 Bc8 27. Qe4 Ne7 28. Rac1 Bf5 29. Qe2 Nd5 30. Qd2 Bxe5 31. fxe5 gxf3 32. Qg5+ Bg6 33. gxf3 Qe6 34. f4 Rf8 35. Be1 Rf5 36. Qg3 h4 37. Qg4 Ne3 38. Qxh4 Nxf1 39. Kxf1 Rh5 40. Qg3 Rh3 41. Qg2 Qb3 42. Rc3 Rxc3 43. Bxc3 Qd1+ 44. Kf2 Qc2+ 45. Kg3 Qd3+ 46. Qf3 Qb1 47. Qxc6 Qg1+ 48. Qg2 Qe3+ 49. Kg4 Be4 50. Qg3 Qe2+ 51. Kg5 Bg6 52. Qh3 Qe4 53. Qd7+ Kf8 54. Qd6+ Kg7 55. Qf6+ Kh7 56. Qe7+ Kg8 57. Kh6 Qxf4+ 58. Qg5 Qxh2+ 59. Kxg6 Qh7+ 60. Kf6+ Kf8 61. Ke6 Ke8 62. Kd5 b4 63. axb4 Kd7 64. bxa5 Qh1+ 65. Kc4 Qf1+ 66. Kc5 Qf8+ 67. Kd5 Qf3+ 68. Kc4 Qf1+ 69. Kb3 Qd1+ 70. Ka2 Qa4+ 71. Kb1 Qd1+ 72. Qc1 Qd3+ 73. Ka1 Qc4 74. Qc2 Kc8 75. b3 Qc6 76. Kb2 Qa6 77. Ka3 Kc7 78. b4 Qc4 79. Qb3 Qa6 80. Ka4 Kd7 81. b5 Qg6 82. a6 Kc7 83. b6+ Kc8 84. Qc4+ Kd8 85. Qc7+ Ke8 86. Qc8+ Ke7 87. Bb4+ Kf7 88. Qf8+ Ke6 89. Qf6+ Qxf6 90. exf6 Kd7 91. f7 Ke6 92. d5+ Kxf7 93. b7 Kg6 94. b8Q Kf5 95. Qe8 Kf6 96. Kb3 Kf5 97. Kc4 Kf4 98. Kd4 Kg3 99. Qe4 Kh2 100. Qe3 Kh1 101. Qe2 Kg1 102. Ke3 Kh1 103. Kf3 Kg1 104. Qg2# 1-0